| 000 | 00466nam a2200157Ia 4500 | ||
|---|---|---|---|
| 003 | OSt | ||
| 005 | 20200622154817.0 | ||
| 008 | 190216s9999||||xx |||||||||||||| ||und|| | ||
| 040 | _coclc | ||
| 082 |
_a954 _bMAJ/B |
||
| 100 |
_aMajumdar, R C _93013 |
||
| 245 | 4 |
_aBritish Paramountcy And Indian Renaissance / _cR C Majumdar |
|
| 260 |
_bBharatiya Vidya Bhavan, _c1970. _aBombay: |
||
| 300 | _a1205p | ||
| 942 |
_cBK _2ddc _h954 _iMAJ/B _k954 _mMAJ/B |
||
| 999 |
_c19541 _d19541 |
||